| 000 | 00917nam a2200277 i 4500 | ||
|---|---|---|---|
| 001 | 000042777 | ||
| 003 | DO-SdBNP | ||
| 005 | 20251008094704.0 | ||
| 007 | ta | ||
| 008 | 140207s2012 dr 000 0 spa d | ||
| 020 | _a9789945469943 | ||
| 040 |
_aDO-SdBNP _bspa _cBNPHU _erda |
||
| 041 | _aspa | ||
| 082 | 4 |
_axxx _bxxx _222 |
|
| 100 | 1 |
_aHenríquez Ureña, Pedro, _d1884-1946 _eautor _4aut. _91718 |
|
| 245 | 1 | 0 |
_aVersos / _cPedro Henríquez Ureña ; prólogo, Néstor E. Rodríguez. |
| 264 | 4 |
_aSanto Domingo : _bEditora Nacional, _c©2012. |
|
| 300 |
_a116 páginas ; _c23 cm. |
||
| 336 |
_atexto _btxt _2rdacontent |
||
| 337 |
_asin mediación _bn _2rdamedia |
||
| 338 |
_avolumen _bnc _2rdacarrier |
||
| 500 | _aIncluye datos biográficos del autor en la solapa de la cubierta. | ||
| 590 | _aInventariado, 2020/ YL | ||
| 700 | 1 |
_aRodríguez, Néstor E., _d1971- _eprologuista _4pr. _933201 |
|
| 942 |
_2ddc _cLBS1 |
||
| 999 |
_c42266 _d42266 |
||